• 首页
  • 本馆介绍
  • 公告通知
  • 最新文献
  • 馆藏检索
  • 电子资源
  • 读者导购
  • 参考咨询
  • 我的图书馆
  • 登录
  • 详细信息显示
  • 放入我的书架
  • 预约/预借图书
  • 作者相关作品
  • 分类相关作品
  • 丛书相关作品
  • 出版社相关作品

书目信息

  • 表格格式
  • 工作单格式
  • 卡片格式
题名:
妇产科学及护理
    
 
作者: ;中国人民解放军总后勤部卫生部
分册:  
出版信息: 北京   中国人民解放军战士出版社  1980
页数: 164页
开本: 20cm
丛书名:
单 册:
中图分类: R473.71
科图分类:
主题词: 护理学
电子资源:
ISBN:
000 00700nam0 2200217 450
001 0765768984
005 20070804165042.81
010    @d不详
100    @a20070803d1980 km y0chiy0120 ea
101 0  @achi
102    @aCN@b110000
200 1  @a妇产科学及护理@Afu chan ke xue ji hu li@f中国人民解放军总后勤部卫生部@Fzhong guo ren min jie fang jun zong hou qin bu wei sheng bu
205    @a2版
210    @a北京@c中国人民解放军战士出版社@d1980
215    @a164页@d20cm
300    @a护士教材
606 0  @a护理学
690    @aR473.71@v3
711 02 @a中国人民解放军总后勤部卫生部@Azhong guo ren min jie fang jun zong hou qin bu wei sheng bu
801  0 @aCN@bPFT@c20070804
905    @a10447@dR473.71@e71=2
    
    妇产科学及护理/中国人民解放军总后勤部卫生部.-2版.-北京:中国人民解放军战士出版社,1980
    164页;20cm
    护士教材
    
    ISBN :不详
    
●
相关链接 在E读中查询图书 在五车中查询图书 在当当中查询图书 在豆瓣中查询图书


正题名:妇产科学及护理     索取号:R473.71/71=2         预约/预借

序号 登录号 条形码 馆藏地/架位号 状态 备注
1 0791599   207915997   第二样本阅览室/ [索取号:R473.71/71=2] 在馆    
唐山师范学院图书馆 欢迎您!
大连网信软件有限公司© 版权所有